000
00253nam a2200121Ia 4500
082
_a
615.4
_b
P12G
100
_a
GAUD, R.S.
245
_a
PRACTICAL PHYSICAL PHARMACY
260
_b
CBS- DELHI
300
_a
238
650
_a
PAHRMACY
942
_2
ddc
_c
BK
_0
23
999
_c
7116
_d
7116